000
00218nam a22000857a 4500
008
170112b xxu||||| |||| 00| 0 eng d
100
_9
2366
_a
Rastogi.V.B.etal.
245
_a
Science Power-6
260
_a
New Delhi
_b
Srijan
_c
2010
999
_c
5338
_d
5338